000 00481nam a2200181Ia 4500
005 20250508152548.0
008 008 250505s9999 xx 000 0 hin d
037 _aTextual
040 _aFEDL
_beng
_cFEDL
041 _ahin
_2hin
084 _aFH, RAN
_qFEDL
100 _aRangeya Raghav
_9761598
245 0 _aPracheen tutan kahaniya
260 _aAllahabad, India
_bKitab Mahal
_c1957
300 _a426p.
942 _cTEXL
_hFH, RAN
999 _c1337259
_d1337259